| 000 | 00752nam a22002297a 4500 | ||
|---|---|---|---|
| 005 | 20240530110336.0 | ||
| 008 | 140915s2011 ua gr 000 0 ara d | ||
| 017 |
_a2010/15461 _bمصر . دار الكتب المصرية |
||
| 020 | _a9789773287530 | ||
| 040 | _aEG-CaGPL | ||
| 082 | 0 | 4 |
_221 _a126 _bع م |
| 100 | 0 |
_aعادل عوض _eمؤلف |
|
| 245 | 1 | 2 |
_aالمنظور البيوعصبى للوعى / _cعادل عوض |
| 260 |
_aالاسكندرية : _bدار الجامعة الجديدة ، _c2011 |
||
| 300 |
_a139 ص ؛ _c24 سم |
||
| 650 | 0 | 4 | _aالشعور |
| 650 | 0 | 4 | _aالادراك |
| 650 | 0 | 4 | _aالمعرفة |
| 650 | 0 | 4 | _aعلم النفس العصبى |
| 942 |
_2ddc _cBK |
||
| 999 |
_c59786 _d59786 |
||